000 00991nam a22002657a 4500
999 _c65416
_d65416
005 20240530110823.0
008 190725s2019 ua g b 000 0 ara d
017 _a2018/26707
_bمصر. دار الكتب
020 _a9789778122350
040 _aEG-CaGPL
_cEG-CaGPL
082 _221
_a327.16/
_bج ص
100 0 _aجهاد عودة
245 1 2 _aالصراع الدولى والقرر الاستراتيجى /
_cجهاد عودة
250 _aط.1
260 _aالقاهرة :
_bالمكتب العربى للمعارف،
_c2019.
300 _a702 ص. ؛
_c24 سم.
504 _aيشتمل على ارجاعات ببليوجرافية
650 0 7 _2qrmak
_aالاحوال السياسية
650 0 7 _2qrmak
_aالتسوية السلمية للمنازعات الدولية
650 0 7 _2qrmak
_aالمنازعات الدولية
650 0 7 _2qrmak
_aالوساطة الدولية
651 _2qrmak
942 _2ddc
_cBK